| 000 | 00322 a2200121 4500 | ||
|---|---|---|---|
| 005 | 20250526120654.0 | ||
| 082 | _a658.785 MAP | ||
| 100 | _aMAPUNDA, S .E . | ||
| 245 | _aStorekeeping Manual | ||
| 260 |
_aDar es salaam, _bMapunda, S .E . _c1999. |
||
| 300 |
_avii,155p.: ill.; figure, _breference, _c29cm. |
||
| 942 |
_2ddc _cBKS |
||
| 999 |
_c2662 _d2662 |
||